000 00323nam a2200133Ia 4500
008 240624s9999 xx 000 0 und d
041 _aeng
082 _a658.4092 PIR
100 _aPIRAMAL GITA
245 _aBUSINESS MAHARAJAS
260 _c1997
_aNew Delhi
_bPenguin
300 _axxii, : 474 : p. : cm. ; 20
365 _cRS
999 _c4122
_d4122